000 00728nam a2200241Ia 4500
003 OSt
005 20220923214928.0
006 a|||||r|||| 00| 0
007 ta
008 220922b |||||||| |||| 00| 0 hin d
024 _a173,842
037 _cTextual
040 _aARTS
_cARTS
_bhin
041 _2hin
_ahin
082 _aY:351,252, 152H8
100 _aसत्येन्द्र, संपा.
245 0 _aब्रजलोक संस्कृति
246 _aBrajalok sanskṛuti
260 _c1948
650 _aभारतीय-लोक साहित्य
942 _hY:351,252, 152H8
_cTEXL
_2CC
999 _c327706
_d327706